[Event "Barcelona Sant Marti op 11th"]
[Site "Barcelona"]
[Date "2024.03.07"]
[Round "9"]
[White "Cervera Lopez, Miguel"]
[Black "Molina Poveda, Jairo"]
[Result "1-0"]
[WhiteElo "1580"]
[BlackElo "1700"]
[PlyCount "119"]
[EventDate "2024.01.11"]
[EventType "swiss"]
[EventRounds "9"]
[EventCountry "ESP"]
[SourceTitle "CB11_2024"]
[SourceDate "2024.03.13"]
[SourceVersion "1"]
[SourceVersionDate "2024.03.13"]
[SourceQuality "1"]

1. d4 d5 2. Nf3 Nf6 3. Bg5 Bf5 4. e3 h6 5. Bh4 e6 6. Bd3 Be7 7. Bxf5 exf5 8. Nc3 Nc6 9. 0-0 0-0 10. Re1 Ne4 11. Bxe7 Nxe7 12. Nxe4 fxe4 13. Nd2 Ng6 14. Qh5 Qd6 15. a3 f5 16. c4 c6 17. cxd5 cxd5 18. Rac1 f4 19. Rc5 Ne7 20. Rec1 fxe3 21. fxe3 Qf6 22. Rf1 Qe6 23. Rcc1 Nf5 24. Qh3 Rf6 25. Rf2 Raf8 26. Rcf1 Qf7 27. g4 Qg6 28. Rg2 Ne7 29. Qg3 Rxf1+ 30. Nxf1 Qc6 31. Rf2 Rxf2 32. Qxf2 Qc1 33. h4 Qd1 34. g5 Qg4+ 35. Qg3 h5 36. Qxg4 hxg4 37. Kg2 Nf5 38. h5 Kf7 39. Kf2 Ke6 40. Ng3 Nh4 41. h6 gxh6 42. gxh6 Kf6 43. Nh5+ Kg5 44. h7 Ng6 45. Nf4 Nh8 46. Nxd5 Kg6 47. Kg3 Kf5 48. b4 Ke6 49. Nc3 Kf5 50. a4 Ng6 51. Nb5 Nh8 52. Nxa7 Kg6 53. a5 Kxh7 54. b5 Ng6 55. a6 bxa6 56. bxa6 Nf8 57. Nc8 Ne6 58. a7 Nc7 59. Nb6 Kg6 60. a8Q 1-0

[Event "Barcelona Sant Marti op 11th"]
[Site "Barcelona"]
[Date "2024.02.22"]
[Round "7"]
[White "Subirana Santos, Marc"]
[Black "Molina Poveda, Jairo"]
[Result "1-0"]
[WhiteElo "1559"]
[BlackElo "1700"]
[PlyCount "83"]
[EventDate "2024.01.11"]
[EventType "swiss"]
[EventRounds "9"]
[EventCountry "ESP"]
[SourceTitle "CB11_2024"]
[SourceDate "2024.03.13"]
[SourceVersion "1"]
[SourceVersionDate "2024.03.13"]
[SourceQuality "1"]

1. Nf3 c5 2. e3 d5 3. b3 Nc6 4. Bb2 Nf6 5. c4 Bg4 6. Be2 e6 7. a3 Bd6 8. cxd5 exd5 9. Qc2 h6 10. Nc3 a6 11. Rc1 0-0 12. h3 Bh5 13. 0-0 Re8 14. Na4 Na5 15. Qd1 Rc8 16. Bxf6 Qxf6 17. Nb6 Rcd8 18. Nxd5 Qb2 19. b4 Bxf3 20. Bxf3 Qe5 21. g3 cxb4 22. d4 Qe6 23. axb4 Nc6 24. Bg2 Nxb4 25. Nxb4 Bxb4 26. Bxb7 a5 27. Bg2 Qd7 28. Bc6 Qxh3 29. Bxe8 Rxe8 30. Qa4 Qe6 31. Qc6 Qe7 32. Qb5 g6 33. Rc6 h5 34. Qc4 h4 35. Rxg6+ Kh7 36. Rg4 hxg3 37. Rxg3 Bd6 38. Qd3+ Kh6 39. Rh3+ Kg5 40. Qh7 f5 41. Qh6+ Kg4 42. f3# 1-0